000 00940nam a2200325Ia 4500
001 23670
003 IT-RoPAU
008 130308s9999 xx 000 0 und d
040 _aIT-RoPAU
040 _cIT-RoPAU
041 _aINGLESE
100 _aMcLeod Jack M.
100 _gCodice Aut. SPICS: 6229
245 _aOn the Nature of Mass Media Effects
245 _bTelevision And Social Behavior: Beyond violence And Children
250 _a1a ed.
260 _aHILLSDALE
260 _bLawrence Erlbaum As.
260 _c1980 [1° Ed.:1980 - Ed.Ling.Originale:1980]
300 _a"38 p. (prefazione: no ; testo: 38 [pagine: 17-54])"
500 _aEffetti dei Mass Media Complessità degli stimoli dei Media
650 _aSAGGI SULLA TELEVISIONE
650 _eCodice materia Spics: 6961
700 _aReeves Byron
700 _gCodice Aut. SPICS: 7430
942 _cBK
957 _71
999 _c57849
_d57849
999 _bSI
999 _g1